00991nam a2200313 i 4500001000400000100003100004245008600035250001300121260004600134300002600180490002500206500006100231504003100292505007300323650003100396650001900427650001600446650001200462650002100474650001700495655001200512700002500524700002500549830002500574020002100599040000800620041000800628008004100636bgj1 aAUSTEN, Janed(1775-1817).10aSense and Sensibility /cJane Austen ; edited by James Kinsley and Claire Lamont. a[Repr.]. aOxford :bOxford University Press,c1989. aXXX, 343 pp ;c19 cm.1 aThe World's Classics aReprint to the 1st World's Classics pbk edition of 1980. aBibliography p. XXV-XXVII. aIncludes introduction, note on the text, a chronology of the author. 9aInheritance and succession 9aSocial classes 9aYoung women 9aSisters 9aDomestic fiction 9aLove stories aFiction1 aKINSLEY, James.eed.1 aLAMONT, Claire.eed. aThe World's Classics a0192815016 (pbk) cBPK0 aeng s uk f |000 0 eng